000 00816nam a2200217Ia 4500
001 14408
005 20260324101039.0
008 260306t2013||||xx |||||||||||||| ||spa||
041 _aESP
082 _a512.9
_bA183
100 _aAufmann, Richard N.,
_eAUT
245 0 _aÁlgebra elemental
260 _c2013
300 _a574 páginas :
_c27 cm.
650 _aGEN
654 _aCMA
856 _uhttps://itmsp.museknowledge.com/UCSP?url=https://www.ebooks7-24.com:443/?il=1287&pg=1
_zVersión digital
856 _uhttps://0u213trl2-y-https-ebooks7--24-com.itmsp.museknowledge.com/biblioteca.aspx
_zVéase además: Base de datos Ebook7-24
856 _uhttps://0u20ftrl4-y-https-research-ebsco-com.itmsp.museknowledge.com/c/qxo6us/search
_zVéase además: Base de datos EBSCOhost
942 _cLIB
_dJUS
_fJUS
_2ddc
999 _c14408
_d14408